Państwa po Ukraińsku - Statystyki

Ogólne statystyki
  • Ten quiz został rozwiązany 163 razy
  • Średni wynik to 40 z 45
Statystyki odpowiedzi
Ua Pl % Poprawnych
Польща Polska
95%
Андорра Andora
94%
Австрія Austria
93%
Білорусь Białoruś
93%
Боснія і Герцеговина Bośnia i Hercegowina
93%
Монако Monako
93%
Росія Rosja
93%
Україна Ukraina
93%
Албанія Albania
92%
Данія Dania
91%
Естонія Estonia
91%
Бельгія Belgia
90%
Болгарія Bułgaria
90%
Ірландія Irlandia
89%
Косово Kosowo
89%
Хорватія Chorwacja
88%
Фінляндія Finlandia
88%
Греція Grecja
88%
Іcландія Islandia
88%
Литва Litwa
88%
Норвегія Norwegia
88%
Португалія Portugalia
88%
Румунія Rumunia
88%
Сан-Марино San Marino
88%
Італія Włochy
88%
Чеська Республіка Czechy
87%
Мальта Malta
87%
Молдова Mołdawia
87%
Ватикан Watykan
87%
Іспанія Hiszpania
86%
Латвія Łotwa
86%
Північна Македонія Macedonia Północna
86%
Німеччина Niemcy
86%
Словаччина Słowacja
86%
Нідерланди Holandia
85%
Швеція Szwecja
85%
Велика Британія Wielka Brytania
85%
Франція Francja
84%
Люксембург Luksemburg
84%
Сербія Serbia
84%
Словенія Słowenia
84%
Кіпр Cypr
83%
Чорногорія Czarnogóra
83%
Туреччина Turcja
83%
Ліхтенштейн Liechtenstein
81%
Nie znaleziono quizów pasujących do podanych kryteriów
Rozkład punktacji
Procent ludzi z każdym wynikiem
Percentyl według liczby udzielonych odpowiedzi
Twoja historia wyników
Nie rozwiązałeś tego quizu